000 01027nam a2200253 a 4500
001 000002478
003 DO-SdBNP
005 20211118091034.0
008 090702s2002 dr r 000 0 spa d
040 _aDO-SdBNP
_bspa
_cBNPHU
082 4 _a972.9382
_bR531h
_222
100 1 _aRichiez, Manuel Leopoldo,
_d1870-1954
_97811
245 1 0 _aHistoria de la Provincia y especialmente de la cuidad de San Pedro de Macorís /
_cManuel Leopoldo Richiez ; presentación Fermín Álvarez Santana.
260 _aSanto Domingo :
_bSociedad Dominicana de Bibliófilos,
_c2002.
300 _a174 p. ;
_c23 cm.
490 1 _aBibliófilos 2000
650 4 _aCiudades y pueblos
_zRepública Dominicana
_9784
651 4 _aSan Pedro de Macorís (República Dominicana)
_xHistoria local
_97812
651 4 _aSan Pedro de Macorís (República Dominicana)
_xVida social y costumbres
_97813
700 1 _aÁlvarez Santana, Fermín
_97814
830 0 _aBibliófilos 2000
_91044
910 _aValidado. Control de calidad. MMOLINA
942 _2ddc
_cLBS1
999 _c2314
_d2314